Statistiken für Lebenswerteste Städte der Welt

Klicken Sie hier um das Quiz zu spielen!

Allgemein

  • Dieses Quiz wurde 39 mal gespielt
  • Das Durchschnittsergebnis liegt bei 10 aus 20

Antwortstatistiken

PlatzStadt% Korrekt
2.Kopenhagen
92%
1.Wien
89%
6.Zürich
84%
18.Berlin
78%
20.Amsterdam
70%
14.Helsinki
70%
8.Genf
65%
4.Sydney
62%
15.Tokio
62%
3.Melbourne
57%
5.Vancouver
41%
19.Luxemburg
38%
9.Toronto
38%
11.Auckland
35%
13.Perth
35%
17.Frankfurt
32%
16.Brisbane
27%
12.Adelaide
22%
10.Osaka
22%
7.Calgary
19%

Verteilung der Resultate

Perzentil nach korrekt beantworteten Fragen

Anzahl Personen mit jedem Resultat

Ihre Resultats-Entwicklung

Sie haben dieses Quiz noch nicht gespielt